Arvtagerskan (Post nr. 57925)

MARC-detaljer
000 -LEADER
fixed length control field 03216cim a2200769 a 4500
001 - CONTROL NUMBER
control field 9712256
003 - CONTROL NUMBER IDENTIFIER
control field LIBRIS
005 - DATE AND TIME OF LATEST TRANSACTION
control field 20210601125103.0
007 - PHYSICAL DESCRIPTION FIXED FIELD--GENERAL INFORMATION
fixed length control field sd |||||||||||
008 - FIXED-LENGTH DATA ELEMENTS--GENERAL INFORMATION
fixed length control field 041123s2004 sw nnnn||||||||f n swe|c
020 ## - INTERNATIONAL STANDARD BOOK NUMBER
International Standard Book Number 9179532144
Qualifying information CD
028 01 - PUBLISHER OR DISTRIBUTOR NUMBER
Publisher or distributor number IFCD 139 (CD) :
Source Bonnier Audio
035 ## - SYSTEM CONTROL NUMBER
System control number AVM001432229
035 ## - SYSTEM CONTROL NUMBER
System control number (Bo)358124
035 ## - SYSTEM CONTROL NUMBER
System control number (Mo)b1533412
035 ## - SYSTEM CONTROL NUMBER
System control number AVM001432229
040 ## - CATALOGING SOURCE
Original cataloging agency Lass
Modifying agency S
Description conventions a
041 1# - LANGUAGE CODE
Language code of text/sound track or separate title swe
Language code of original nor
082 04 - DEWEY DECIMAL CLASSIFICATION NUMBER
Classification number 839.78
Edition number 22 (machine generated)
084 ## - OTHER CLASSIFICATION NUMBER
Classification number Hcedb.01
Number source kssb/8
084 ## - OTHER CLASSIFICATION NUMBER
Classification number Hcedb.01 /LC
Number source kssb/8
100 1# - MAIN ENTRY--PERSONAL NAME
Personal name Elstad, Anne Karin,
Dates associated with a name 1938-2012
Relationship aut
Authority record control number or standard number https://libris.kb.se/rp3554w9251j8wt#it
240 10 - UNIFORM TITLE
Uniform title Odel.
Language of a work Svenska
245 10 - TITLE STATEMENT
Title Arvtagerskan
Medium [Ljudupptagning] /
Statement of responsibility, etc. Anne Karin Elstad ; översättning: Ragna Essén.
264 #1 - PRODUCTION, PUBLICATION, DISTRIBUTION, MANUFACTURE, AND COPYRIGHT NOTICE
Place of production, publication, distribution, manufacture Stockholm :
Name of producer, publisher, distributor, manufacturer Bonnier Audio,
Date of production, publication, distribution, manufacture, or copyright notice p 2004
300 ## - PHYSICAL DESCRIPTION
Extent 11 CD (13 tim.)
Other physical details stereo
500 ## - GENERAL NOTE
General note Originalupplaga för boken 2004
500 ## - GENERAL NOTE
General note Ljudbok CD (CD-audio)
500 ## - GENERAL NOTE
Institution to which field applies Mo
General note Orig:s titel: Odel (norska)
500 ## - GENERAL NOTE
Institution to which field applies Mo
General note Inläsare: Anita Wall
500 ## - GENERAL NOTE
Institution to which field applies Mo
General note svenska
511 1# - PARTICIPANT OR PERFORMER NOTE
Participant or performer note Inläsare: Anita Wall
541 ## - IMMEDIATE SOURCE OF ACQUISITION NOTE
Institution to which field applies S
653 ## - INDEX TERM--UNCONTROLLED
Uncontrolled term Skönlitteratur
653 ## - INDEX TERM--UNCONTROLLED
Uncontrolled term Historiska romaner
655 #7 - INDEX TERM--GENRE/FORM
Genre/form data or focus term Ljudböcker
Authority record control number or standard number https://id.kb.se/term/saogf/Ljudb%C3%B6cker
Source of term saogf
655 #4 - INDEX TERM--GENRE/FORM
Institution to which field applies Mo
Genre/form data or focus term Ljudbok cd
700 1# - ADDED ENTRY--PERSONAL NAME
Personal name Wall, Anita
Relationship nrt
700 1# - ADDED ENTRY--PERSONAL NAME
Personal name Essén, Ragna,
Dates associated with a name 1946-
Relationship trl
Authority record control number or standard number https://libris.kb.se/qn25br084tglt9p#it
856 42 - ELECTRONIC LOCATION AND ACCESS
Uniform Resource Identifier <a href="http://smdb.kb.se/resource/id/001432229">http://smdb.kb.se/resource/id/001432229</a>
Public note Svensk mediedatabas
887 ## - NON-MARC INFORMATION FIELD
Content of non-MARC field {"@id":"j1tshk7v4qjnrg4","modified":"2016-01-12T17:02:03+01:00","checksum":"65618724751"}
Source of data librisxl
887 ## - NON-MARC INFORMATION FIELD
Content of non-MARC field {"@id":"15c14zb63405nvk","modified":"2014-08-25T11:12:50+02:00","checksum":"50135577409"}
Source of data librisxl
887 ## - NON-MARC INFORMATION FIELD
Content of non-MARC field {"@id":"z39xcdm44r12q9p","modified":"2014-04-01T11:12:06+02:00","checksum":"35772150013"}
Source of data librisxl
887 ## - NON-MARC INFORMATION FIELD
Content of non-MARC field {"@id":"7ckjnlhd43f76sq","modified":"2008-08-20T12:03:32+02:00","checksum":"45970667825"}
Source of data librisxl
887 ## - NON-MARC INFORMATION FIELD
Content of non-MARC field {"@id":"lqzr907r0vzs1hv","modified":"2015-06-22T10:33:41+02:00","checksum":"44409671521"}
Source of data librisxl
887 ## - NON-MARC INFORMATION FIELD
Content of non-MARC field {"@id":"fkrrbh6l0zd39d9","modified":"2018-05-21T11:02:43+02:00","checksum":"42614090059"}
Source of data librisxl
887 ## - NON-MARC INFORMATION FIELD
Content of non-MARC field {"@id":"x28gktx30v4bng0","modified":"2011-12-12T13:20:15+01:00","checksum":"43723050231"}
Source of data librisxl
942 ## - ADDED ENTRY ELEMENTS (KOHA)
Source of classification or shelving scheme Other/Generic Classification Scheme
Koha item type Ljudbok
Bestånd
Withdrawn status Lost status Source of classification or shelving scheme Damaged status Not for loan Home library Current library Date acquired Total Checkouts Full call number Barcode Date last seen Date last checked out Price effective from Koha item type
    Other/Generic Classification Scheme     Karlskoga Lasarettsbibliotek Karlskoga Lasarettsbibliotek 01/06/2021 1 Hce/LC 800414618226F 09/11/2021 20/10/2021 01/06/2021 Ljudbok
Medicinska biblioteket, Karlskoga lasarett
Måndag och onsdag: 10.00-14.30, Lunchstängt 11.30-12.00.
Fredagar: 10.00-12.00.

Madelene Ribbing, bibliotekarie
Lena Mileraux, biblioteksassistent/administratör
0586-664 49
medbibl.kgalas@regionorebrolan.se




Medicinska biblioteket, Lindesbergs lasarett
Dörren till bibliotket är upplåst mellan 07-16:00 på vardagar.
Dörren i hisshallen är öppen måndag - tosdag 7.00 - 15.00. Fredagar stängt.

Bibliotekets bemanning:
Mån: självbetjäning
Tis, ons och tors: 10-15
Fre: självbetjäning

Madelene Ribbing, bibliotekarie
Telefon: 0581-853 11, 072-14 77 552
medbibl.lbglas@regionorebrolan.se